Brawl Stars : tous les brawlers - Statistiques

Statistiques générales
  • Ce quiz a été pris 62 fois
    15 depuis la dernière actualisation
  • Le résultat moyen est 71 sur 97
Statistiques - réponses
Rareté Réponse % Correct
Légendaire Ambre
100%
Rare Brock
100%
Légendaire Corbac
100%
Rare El Costo
100%
Mythique Juju
100%
Ultra légendaire Kaze
100%
Mythique Monsieur M
100%
Rare Nita
100%
Rare Rosa
100%
Départ Shelly
100%
Légendaire Spike
100%
Épique Bo
86%
Rare Bull
86%
Mythique Buster
86%
Mythique Byron
86%
Rare Colt
86%
Légendaire Cordelius
86%
Mythique D'jinn
86%
Épique Edgar
86%
Légendaire Émeri
86%
Mythique Fang
86%
Épique Frank
86%
Épique Hank
86%
Super rare Jacky
86%
Mythique Janet
86%
Super rare Jessie
86%
Légendaire Kit
86%
Légendaire Léon
86%
Épique Mandy
86%
Légendaire Meg
86%
Mythique Mico
86%
Mythique Mortis
86%
Super rare Penny
86%
Rare Poco
86%
Épique Polly
86%
Super rare Ricochet
86%
Mythique R-T
86%
Légendaire Surge
86%
Mythique Wally
86%
Mythique Ziggy
86%
Épique Angelo
71%
Super rare A.R.K.A.D
71%
Épique Ash
71%
Rare Bartaba
71%
Épique Belle
71%
Épique Berry
71%
Épique Billie
71%
Épique Bonnie
71%
Super rare Carl
71%
Légendaire Chester
71%
Mythique Chuck
71%
Super rare Darryl
71%
Mythique Doug
71%
Légendaire Draco
71%
Super rare Dynamike
71%
Mythique Eve
71%
Épique Gaël
71%
Mythique Gigi
71%
Mythique Gray
71%
Légendaire Kenji
71%
Épique Lola
71%
Épique Maisie
71%
Mythique Max
71%
Épique Meeple
71%
Mythique Mina
71%
Épique Nani
71%
Mythique Ollie
71%
Mythique Otis
71%
Épique Pam
71%
Épique Stu
71%
Super rare Tick
71%
Mythique Willow
71%
Mythique Buzz
57%
Mythique Clancy
57%
Épique Colette
57%
Épique Eliz@
57%
Épique Griff
57%
Épique Grom
57%
Super rare Gus
57%
Mythique Lily
57%
Mythique Lumi
57%
Épique Sam
57%
Épique Shade
57%
Mythique Squeak
57%
Mythique Tara
57%
Épique Trunk
57%
Mythique Alli
43%
Épique Béa
43%
Mythique Finx
43%
Mythique Jae-Yong
43%
Épique Larry & Lawrie
43%
Mythique Lou
43%
Mythique Médor
43%
Mythique Melody
43%
Mythique Charlie
29%
Mythique Moe
29%
Épique Pearl
29%
Aucun quiz correspondant
Distribution des résultats
% des personnes avec chaque résultat
Percentile par nombre de réponses
Votre historique - résultats
Vous n’avez pas pris ce quiz depuis la dernière actualisation